| 000 | 00897nam a22002057a 4500 | ||
|---|---|---|---|
| 003 | 0 | ||
| 005 | 20250214162535.0 | ||
| 008 | 250214b xxu||||| |||| 00| 0 eng d | ||
| 050 |
_aBF 698.35 _b.P67 2024 |
||
| 100 | _aPoral, Dana Lorraine B. | ||
| 245 |
_aPsychological resilience and culture shock of Filipino College students from abroad studying in the Philippines. _cDana Lorraine B. Poral |
||
| 260 |
_aLas Pinas City _bSouthville International School and Colleges _c2024 |
||
| 300 |
_aix, 223 pages; _c28cm. |
||
| 500 | _aBachelor of Science in Psychological. | ||
| 504 | _aIncludes bibliographical references and appendices. | ||
| 650 | _aPsychological Resilience—Adaptation--Filipino students. | ||
| 650 | _aCultureshock— International Filipino College Students,Impact of. | ||
| 650 | _aCross-cultural adjustment—Challenges--Returning Filipino Students.. | ||
| 942 |
_2lcc _cTH |
||
| 999 |
_c367223 _d367223 |
||